[Event "7. Lichtenberger Sommer"]
[Site "Berlin"]
[Date "2008.08.23"]
[Round "8.52"]
[White "Knopf, Roland"]
[Black "Penner, Markus"]
[Result "1/2-1/2"]
[WhiteElo "1949"]
[BlackElo "1423"]
[PlyCount "59"]
[EventDate "2008.??.??"]
[WhiteTeam "SC Kreuzberg e.V."]
[BlackTeam "SK Zehlendorf e.V."]

1. d4 Nf6 2. Bg5 g6 3. Nd2 Bg7 4. e4 d6 5. Ngf3 O-O 6. Bc4 Nbd7 7. Qe2 c5 8. e5
dxe5 9. dxe5 Ne8 10. e6 fxe6 11. Qxe6+ Kh8 12. Bxe7 Nc7 13. Bxd8 Nxe6 14. Bxe6
Rxd8 15. O-O-O Nf6 16. Ng5 Bxe6 17. Nxe6 Re8 18. Nxg7 Kxg7 19. Nc4 Re2 20. Rd2
Rae8 21. f3 Re1+ 22. Rxe1 Rxe1+ 23. Rd1 Re2 24. Rg1 Nd5 25. Kd1 Rf2 26. Re1
Rxg2 27. Re5 Rg1+ 28. Kd2 Rg2+ 29. Kd1 Rg1+ 30. Kd2 1/2-1/2

[Event "7. Lichtenberger Sommer"]
[Site "Berlin"]
[Date "2008.08.23"]
[Round "8.53"]
[White "Moritz, Aron"]
[Black "Kohlmeyer, Dagobert"]
[Result "1-0"]
[WhiteElo "1967"]
[BlackElo "2002"]
[PlyCount "109"]
[EventDate "2008.??.??"]
[WhiteTeam "SV Empor Berlin e.V."]
[BlackTeam "SC Rochade e.V."]

1. e4 e6 2. d4 d5 3. Nd2 c5 4. exd5 exd5 5. Ngf3 Bd6 6. dxc5 Bxc5 7. Nb3 Bb6 8.
Bb5+ Nc6 9. O-O Nge7 10. Re1 O-O 11. h3 Qd6 12. c3 Bxh3 13. gxh3 Qg3+ 14. Kh1
Bxf2 15. Rf1 Qxh3+ 16. Nh2 Bg3 17. Qc2 a6 18. Bxc6 bxc6 19. Qg2 Qh4 20. Rf3
Bxh2 21. Bg5 Qe4 22. Kxh2 Ng6 23. Qg3 f6 24. Bf4 Qe2+ 25. Rf2 Qh5+ 26. Qh3 Nxf4
27. Rxf4 Qe5 28. Qg3 Rae8 29. Nd4 c5 30. Nf5 Qe2+ 31. Rf2 Qh5+ 32. Kg2 Qg6 33.
Qxg6 hxg6 34. Nh4 Kf7 35. Rd1 Rd8 36. Rfd2 g5 37. Nf5 Rfe8 38. Kf3 Kg6 39. Rxd5
Rc8 40. Nd6 c4 41. Nxc8 Rxc8 42. Ra5 Rb8 43. Rd2 Rb6 44. Rc5 f5 45. Rxc4 g4+
46. Kg3 Re6 47. Rcd4 Re3+ 48. Kg2 Kg5 49. R4d3 Re8 50. Rf2 Re5 51. c4 g6 52.
Kg3 Re4 53. c5 Re7 54. c6 f4+ 55. Rxf4 1-0

[Event "7. Lichtenberger Sommer"]
[Site "Berlin"]
[Date "2008.08.23"]
[Round "8.55"]
[White "Roth, Joachim"]
[Black "Dvorsky, Rudolf"]
[Result "1-0"]
[WhiteElo "1861"]
[BlackElo "1794"]
[PlyCount "61"]
[EventDate "2008.??.??"]
[WhiteTeam "SG Bund"]
[BlackTeam "SG Narva Berlin e.V."]

1. d4 Nf6 2. Nf3 g6 3. e3 Bg7 4. Bd3 d6 5. c3 O-O 6. O-O c5 7. b4 Re8 8. Bb2 b6
9. Nbd2 Bb7 10. e4 c4 11. Bxc4 Nxe4 12. Bxf7+ Kxf7 13. Nxe4 Bxe4 14. Ng5+ Kg8
15. Nxe4 d5 16. Nd2 Nd7 17. a4 Rc8 18. f4 e6 19. Nf3 Nf6 20. Qd3 Ne4 21. Ne5
Bxe5 22. fxe5 Rf8 23. b5 Qg5 24. Rxf8+ Rxf8 25. Bc1 Qf5 26. Be3 Rc8 27. Rf1 Qh5
28. c4 Rxc4 29. Qa3 Rc8 30. Qe7 Kh8 31. Rf8+ 1-0

[Event "7. Lichtenberger Sommer"]
[Site "Berlin"]
[Date "2008.08.23"]
[Round "8.56"]
[White "Kujawa, Werner"]
[Black "Kapp, Stefan"]
[Result "1/2-1/2"]
[WhiteElo "1848"]
[BlackElo "2093"]
[PlyCount "72"]
[EventDate "2008.??.??"]
[WhiteTeam "SV Motor Wildau e.V."]
[BlackTeam "TSV IFA Chemnitz"]

1. e4 e6 2. d4 d5 3. e5 c5 4. c3 Nc6 5. Nf3 Qb6 6. Be2 Nge7 7. b3 cxd4 8. cxd4
Nf5 9. Bb2 Bb4+ 10. Kf1 Be7 11. Nc3 Bd7 12. Rc1 a6 13. h4 Na7 14. g3 Bb5 15.
Nxb5 axb5 16. Bd3 Nc6 17. Bb1 h5 18. Kg2 Kd7 19. Qd2 Bb4 20. Rxc6 bxc6 21. Qxb4
Qa5 22. Qc5 b4 23. Rc1 Qxc5 24. Rxc5 Ne7 25. Ne1 Rhb8 26. f3 Nc8 27. g4 g6 28.
Kg3 Na7 29. Nd3 Nb5 30. Kf4 Nc7 31. Kg5 Na6 32. Rc1 Rc8 33. Kf6 Rh8 34. Kg5
Rhc8 35. Kf6 Rh8 36. Kg5 Rhc8 1/2-1/2

[Event "7. Lichtenberger Sommer"]
[Site "Berlin"]
[Date "2008.08.23"]
[Round "8.57"]
[White "Rührmund, Daniel"]
[Black "Mager, Thomas"]
[Result "1-0"]
[WhiteElo "1823"]
[BlackElo "1901"]
[PlyCount "51"]
[EventDate "2008.??.??"]
[WhiteTeam "SC Einheit Bautzen"]
[BlackTeam "SK 1929 Mainaschaff"]

1. e4 e6 2. d4 c5 3. Nf3 cxd4 4. Nxd4 Bc5 5. Nb3 Bb6 6. Nc3 Qf6 7. Qd2 Ne7 8.
Bd3 O-O 9. O-O Nbc6 10. Qe2 Qh4 11. Be3 Bc7 12. f4 f5 13. e5 d6 14. Nb5 Bb8 15.
Nxd6 Bxd6 16. exd6 Nd5 17. c4 Nxe3 18. Qxe3 Rf6 19. Nd2 b6 20. Nf3 Qh5 21. Ne5
Bb7 22. Be2 Qh4 23. Bf3 Nxe5 24. fxe5 Bxf3 25. exf6 Be4 26. fxg7 1-0

[Event "7. Lichtenberger Sommer"]
[Site "Berlin"]
[Date "2008.08.23"]
[Round "8.58"]
[White "Kopmann, Jens"]
[Black "Bergmann, Jens"]
[Result "1-0"]
[WhiteElo "1967"]
[BlackElo "1625"]
[PlyCount "115"]
[EventDate "2008.??.??"]
[WhiteTeam "USV Potsdam e.V., Abt. Schach"]
[BlackTeam "SK Tempelhof 1931 e.V."]

1. e4 d5 2. exd5 Qxd5 3. Nc3 Qa5 4. Bc4 Nf6 5. d3 c6 6. Bd2 Qb6 7. Bb3 Bf5 8.
h3 h6 9. Nf3 Nbd7 10. Qe2 e6 11. Be3 Qc7 12. Nd4 Bh7 13. O-O-O Bb4 14. Bd2 Qd6
15. Nf3 Nd5 16. Ne4 Bxd2+ 17. Rxd2 Qe7 18. Re1 O-O 19. g4 Bxe4 20. Qxe4 Nc5 21.
Qe5 Rfd8 22. g5 hxg5 23. Qg3 Nxb3+ 24. axb3 f6 25. h4 gxh4 26. Nxh4 Qd6 27. Qg4
Nf4 28. Rg1 g5 29. Nf3 Kf7 30. Rh1 Rh8 31. Rdd1 Qb4 32. Kb1 Rag8 33. Rxh8 Rxh8
34. Rg1 Qc5 35. Nd2 Qxf2 36. Ne4 Qd4 37. Nxg5+ fxg5 38. Qxg5 Qf6 39. Qa5 Nd5
40. Qxa7 Qe7 41. Rf1+ Nf6 42. Qd4 Rh5 43. Qg4 Ke8 44. Qg6+ Qf7 45. Qxf6 Qxf6
46. Rxf6 Ke7 47. Rf2 Rh1+ 48. Ka2 Kd6 49. b4 b5 50. Kb3 Rd1 51. Re2 e5 52. Rh2
Kd5 53. Rh8 Rd2 54. Kc3 Rd1 55. Rh6 Ra1 56. Kd2 Rb1 57. b3 Rg1 58. c4+ 1-0

[Event "7. Lichtenberger Sommer"]
[Site "Berlin"]
[Date "2008.08.23"]
[Round "8.59"]
[White "Schweitzer, Paul"]
[Black "Hantusch, Ralf"]
[Result "0-1"]
[WhiteElo "1829"]
[BlackElo "1805"]
[PlyCount "152"]
[EventDate "2008.??.??"]
[WhiteTeam "SV Königsjäger Süd-West e.V."]
[BlackTeam "SV Bau-Union e.V."]

1. Nf3 Nf6 2. b3 c5 3. c4 Nc6 4. Bb2 e6 5. g3 Be7 6. Bg2 O-O 7. O-O d5 8. Ne5
Bd7 9. d3 Rc8 10. a3 Nxe5 11. Bxe5 Bc6 12. Bb2 Qc7 13. Nd2 Rfd8 14. Qe1 d4 15.
h3 Rd7 16. Rb1 Re8 17. Bc1 Bxg2 18. Kxg2 a5 19. Nf3 e5 20. Kg1 Bd6 21. e4 dxe3
22. Bxe3 e4 23. dxe4 Nxe4 24. Rd1 Rde7 25. Rd3 b6 26. h4 h6 27. Kg2 Qc6 28. Rd5
Nf6 29. Qd2 Nxd5 30. cxd5 Qd7 31. Rd1 Qf5 32. Qd3 Qxd3 33. Rxd3 f5 34. Bf4 Rd7
35. h5 Bxf4 36. gxf4 Red8 37. Ne5 Rxd5 38. Re3 Re8 39. f3 Rd4 40. Kg3 b5 41.
Rc3 Rd5 42. Ng6 Re2 43. b4 axb4 44. axb4 c4 45. Ra3 Re8 46. Ra7 Rd4 47. Rc7 Rd2
48. Rc5 Ree2 49. Rc8+ Kf7 50. Rc7+ Ke8 51. Nh4 Rb2 52. Rc5 Rxb4 53. Nxf5 Kd7
54. Nxg7 Re3 55. Nf5 Rd3 56. Re5 c3 57. Re7+ Kd8 58. Re1 c2 59. Rc1 Rc4 60.
Nxh6 Rd1 61. Rxc2 Rxc2 62. Nf7+ Ke7 63. Ne5 Rg1+ 64. Kh3 Rh1+ 65. Kg3 Rxh5 66.
Ng4 b4 67. Ne3 b3 68. f5 Rc1 69. Nd5+ Kf7 70. Kg4 Rh8 71. f6 b2 72. Ne3 b1=Q
73. Kf4 Qb4+ 74. Kg3 Rg8+ 75. Kh2 Qb2+ 76. Nc2 Qxc2+ 0-1

[Event "7. Lichtenberger Sommer"]
[Site "Berlin"]
[Date "2008.08.23"]
[Round "8.60"]
[White "Sawlin, Leonid"]
[Black "Getzuhn, Detlef"]
[Result "1-0"]
[WhiteElo "1872"]
[BlackElo "1979"]
[PlyCount "45"]
[EventDate "2008.??.??"]
[WhiteTeam "TuS Makkabi Berlin e.V."]
[BlackTeam "SV Senat"]

1. e4 d5 2. exd5 Nf6 3. c4 c6 4. dxc6 Nxc6 5. Nc3 e5 6. d3 Bf5 7. a3 Qd7 8. b4
O-O-O 9. Be3 Nd4 10. g3 e4 11. dxe4 Nxe4 12. Nd5 Nxf2 13. Kxf2 Nc2 14. Bxa7 Qe6
15. Ra2 Rxd5 16. cxd5 Qf6 17. Nf3 b6 18. Ba6+ Kd8 19. Rxc2 g5 20. Rc6 Qb2+ 21.
Qe2 Qxa3 22. Bxb6+ Kd7 23. Bc8# 1-0

[Event "7. Lichtenberger Sommer"]
[Site "Berlin"]
[Date "2008.08.23"]
[Round "8.61"]
[White "Körner, Helmut"]
[Black "Reinacher, Detlev"]
[Result "1-0"]
[WhiteElo "1981"]
[BlackElo "1558"]
[PlyCount "79"]
[EventDate "2008.??.??"]
[WhiteTeam "Sfr.Nord-Ost Berlin"]
[BlackTeam "Schachclub Hansa Dortmund e.V."]

1. b4 Nf6 2. Bb2 d5 3. e3 e6 4. a3 c6 5. Nf3 Nbd7 6. c4 Bd6 7. Nc3 b6 8. cxd5
cxd5 9. Nb5 Bb8 10. Rc1 Bb7 11. Be2 a6 12. Nbd4 Ba7 13. Nc6 Bxc6 14. Rxc6 O-O
15. Bxa6 Nb8 16. Rc8 Qd7 17. Rxf8+ Kxf8 18. Bd3 h6 19. O-O Qe7 20. Qc2 Nbd7 21.
Rc1 e5 22. Bb5 e4 23. Ne1 Rd8 24. f4 exf3 25. Nxf3 Bb8 26. Qf5 g6 27. Qh3 h5
28. Qh4 Ne5 29. Qg5 Nfg4 30. Qxe7+ Kxe7 31. Bd4 Nxf3+ 32. gxf3 Nxh2 33. Kg2 Rd6
34. Rc8 Rd8 35. Rxd8 Kxd8 36. Bxb6+ Ke7 37. a4 g5 38. a5 g4 39. fxg4 Nxg4 40.
a6 1-0

[Event "7. Lichtenberger Sommer"]
[Site "Berlin"]
[Date "2008.08.23"]
[Round "8.62"]
[White "Dauer, Carolin"]
[Black "Albinus, Günter"]
[Result "0-1"]
[WhiteElo "1594"]
[BlackElo "1920"]
[PlyCount "96"]
[EventDate "2008.??.??"]
[WhiteTeam "Spgem Kötz/Ichenhausen"]
[BlackTeam "SG Weißensee 49 e.V."]

1. e4 c5 2. Nc3 Nc6 3. g3 g6 4. Bg2 Bg7 5. d3 d6 6. f4 e5 7. Nf3 Nge7 8. O-O
O-O 9. h3 d5 10. Kh2 d4 11. Ne2 Qc7 12. fxe5 Nxe5 13. Nxe5 Qxe5 14. Bf4 Qe6 15.
Ng1 Nc6 16. Qd2 Bd7 17. a3 a5 18. Bh6 a4 19. Bxg7 Kxg7 20. Rf4 h6 21. Qf2 g5
22. Rf5 Qe7 23. Rf1 Bxf5 24. Qxf5 f6 25. Nf3 Ne5 26. Nd2 b5 27. Rd1 Rae8 28.
Bf3 Qd7 29. Bg4 Nxg4+ 30. hxg4 Qe7 31. Ra1 Rh8 32. Qf3 Qe6 33. Qf5 Qc8 34. Rf1
Ref8 35. Kg2 h5 36. gxh5 Rxh5 37. Qxc8 Rxc8 38. Rd1 g4 39. Rh1 Rxh1 40. Kxh1 c4
41. dxc4 Rxc4 42. Nxc4 bxc4 43. Kg2 Kf7 44. Kf2 Ke6 45. Ke2 Ke5 46. c3 dxc3 47.
bxc3 Kxe4 48. Kd2 Kf3 0-1

[Event "7. Lichtenberger Sommer"]
[Site "Berlin"]
[Date "2008.08.23"]
[Round "8.64"]
[White "Fischer, Anke"]
[Black "Boeck, Rüdiger"]
[Result "1/2-1/2"]
[WhiteElo "1835"]
[BlackElo "1605"]
[PlyCount "59"]
[EventDate "2008.??.??"]
[WhiteTeam "SG Lasker Steglitz-Wilmersdorf"]
[BlackTeam "SC Weisse Dame Ulm e.V."]

1. e4 e5 2. Nf3 Nc6 3. Bb5 a6 4. Ba4 Bc5 5. O-O b5 6. Bb3 d6 7. h3 Nf6 8. Re1
Na5 9. c3 Nxb3 10. Qxb3 Be6 11. Qc2 h6 12. d4 exd4 13. cxd4 Bb6 14. Be3 O-O 15.
Nbd2 Rc8 16. Rac1 c5 17. d5 Bd7 18. Nf1 c4 19. Bxb6 Qxb6 20. Ng3 Rfe8 21. Qd2
b4 22. Re3 Rc5 23. Nd4 a5 24. a3 Rec8 25. f3 Kf8 26. Kh1 Ba4 27. Ngf5 bxa3 28.
Rxa3 Bb3 29. Ne2 a4 30. Nc3 1/2-1/2

[Event "7. Lichtenberger Sommer"]
[Site "Berlin"]
[Date "2008.08.23"]
[Round "8.65"]
[White "Wendland, Frank"]
[Black "Pozzo, Dominic"]
[Result "1-0"]
[WhiteElo "1736"]
[BlackElo "1248"]
[PlyCount "53"]
[EventDate "2008.??.??"]
[WhiteTeam "Treptower SV 1949 e.V."]
[BlackTeam "Richmond Juniors"]

1. e4 e5 2. Nf3 Nc6 3. Bc4 Bc5 4. O-O Nf6 5. d4 exd4 6. e5 d5 7. exf6 dxc4 8.
fxg7 Rg8 9. Bg5 Qd6 10. Nbd2 Be6 11. Ne4 Rxg7 12. Nxd6+ Bxd6 13. Re1 Ne5 14.
Bf6 Rg6 15. Bxe5 O-O-O 16. Bxd6 Rxd6 17. Re4 Bd5 18. Rf4 c5 19. g3 Rh6 20. h4
Rdg6 21. Ne5 Rg7 22. Rg4 Rxg4 23. Qxg4+ Be6 24. Qg8+ Kc7 25. Qf8 Rh5 26. Qxc5+
Kb8 27. Nc6+ 1-0

[Event "7. Lichtenberger Sommer"]
[Site "Berlin"]
[Date "2008.08.23"]
[Round "8.66"]
[White "Pixa, Richard"]
[Black "Wege, Hermann"]
[Result "1-0"]
[WhiteElo "1381"]
[BlackElo "1980"]
[PlyCount "129"]
[EventDate "2008.??.??"]
[WhiteTeam "Treptower SV 1949 e.V."]
[BlackTeam "Schachclub Rathenow e.V."]

1. e4 c5 2. Nf3 e6 3. d4 cxd4 4. Nxd4 a6 5. Nc3 Qc7 6. a3 Nf6 7. f3 b5 8. Qd3
Bb7 9. Be2 Nc6 10. Nxc6 Bxc6 11. O-O Be7 12. Be3 d6 13. Qd2 Nd7 14. Qe1 O-O 15.
Qg3 Ne5 16. f4 Nc4 17. Bxc4 bxc4 18. f5 Kh8 19. Qh3 exf5 20. exf5 Bf6 21. Rab1
Rab8 22. Qg4 Be5 23. Bd4 Qb7 24. Bxe5 dxe5 25. Rf2 Rbc8 26. g3 e4 27. Qf4 f6
28. Qe3 Rfe8 29. Rf4 Rcd8 30. Kf2 Rd7 31. Ke1 Red8 32. Rf2 Rd4 33. Rd1 R4d7 34.
Rxd7 Rxd7 35. Nd1 Kg8 36. Rd2 Kf7 37. Ke2 Qb5 38. Rxd7+ Bxd7 39. Qxe4 Bxf5 40.
Qd4 Bxc2 41. Kd2 Bd3 42. Ne3 a5 43. Qd5+ Qxd5 44. Nxd5 g5 45. Kc3 f5 46. Ne3
Ke6 47. Nxc4 Bxc4 48. Kxc4 a4 49. b4 axb3 50. Kxb3 Kd5 51. Kc3 Kc5 52. Kd3 h5
53. a4 Kb4 54. Kd4 Kxa4 55. Ke5 f4 56. gxf4 gxf4 57. Kxf4 h4 58. Kg4 h3 59.
Kxh3 Kb5 60. Kg4 Kc6 61. Kf5 Kd7 62. Kg6 Ke7 63. Kg7 Ke6 64. h4 Kf5 65. h5 1-0

[Event "7. Lichtenberger Sommer"]
[Site "Berlin"]
[Date "2008.08.23"]
[Round "8.67"]
[White "Mohr, Horst"]
[Black "Fuchs, Jörg"]
[Result "0-1"]
[WhiteElo "1538"]
[BlackElo "1914"]
[PlyCount "60"]
[EventDate "2008.??.??"]
[WhiteTeam "SC Caissa Falkensee e.V."]
[BlackTeam "SC Kreuzberg e.V."]

1. c4 e6 2. Nf3 f5 3. b3 Nf6 4. Nc3 Be7 5. Bb2 O-O 6. g3 d6 7. Bg2 Qe8 8. O-O
e5 9. d3 Nc6 10. Nb5 Bd8 11. Re1 f4 12. e3 fxg3 13. fxg3 Bg4 14. Qc2 Nh5 15.
Rf1 Qg6 16. Nh4 Bxh4 17. gxh4 Nb4 18. Qd2 Nxd3 19. Nxc7 Rac8 20. Nd5 Rfe8 21.
Rad1 Bxd1 22. Rxd1 Nxb2 23. Qxb2 Nf6 24. Nc3 Rc6 25. Kh1 e4 26. Nb5 Ng4 27. Qd2
Rf8 28. Rf1 Rxf1+ 29. Bxf1 Qf6 30. Qg2 Nxe3 0-1

[Event "7. Lichtenberger Sommer"]
[Site "Berlin"]
[Date "2008.08.23"]
[Round "8.68"]
[White "Kapp, Frank"]
[Black "Gabriel, Liem Than"]
[Result "1-0"]
[WhiteElo "1748"]
[BlackElo "1250"]
[PlyCount "97"]
[EventDate "2008.??.??"]
[WhiteTeam "TSV IFA Chemnitz"]
[BlackTeam "Treptower SV 1949 e.V."]

1. d4 Nf6 2. c4 e6 3. Nc3 Bb4 4. Qc2 Nc6 5. Nf3 O-O 6. Bg5 d5 7. e3 b6 8. cxd5
exd5 9. Bd3 Bxc3+ 10. bxc3 h6 11. Bh4 Bb7 12. Ne5 Qd6 13. Bg3 Qe6 14. Bf5 Qe8
15. O-O Nxe5 16. Bxe5 Qd8 17. Bd3 Ne4 18. c4 Rc8 19. f3 Nf6 20. Bf5 Nd7 21. c5
Rb8 22. Bg3 Nf6 23. c6 Ba6 24. Rfc1 Bc4 25. a4 Qe8 26. Bxc7 Qxe3+ 27. Kh1 Ra8
28. Be5 Ba6 29. Re1 Qg5 30. f4 Qh5 31. Re3 Bc8 32. Bxc8 Raxc8 33. Bxf6 gxf6 34.
Rh3 Rxc6 35. Qxc6 Qf5 36. Qc3 Qxf4 37. Qg3+ Qxg3 38. Rxg3+ Kh7 39. Rf1 Rc8 40.
h4 Rc6 41. h5 a6 42. Rf5 Rd6 43. a5 b5 44. Rc3 b4 45. Rb3 Rc6 46. Rxb4 Rc1+ 47.
Kh2 Ra1 48. Rxf6 Rxa5 49. Rxf7+ 1-0

[Event "7. Lichtenberger Sommer"]
[Site "Berlin"]
[Date "2008.08.23"]
[Round "8.69"]
[White "Alvarez, Luis"]
[Black "Kornath, Heinrich"]
[Result "1-0"]
[WhiteElo "1824"]
[BlackElo "1970"]
[PlyCount "91"]
[EventDate "2008.??.??"]
[WhiteTeam "Schachclub Zug um Zug Everswinke"]
[BlackTeam "SC Friesen Lichtenberg e.V."]

1. e4 c5 2. Nf3 Nf6 3. e5 Nd5 4. c3 e6 5. d4 cxd4 6. cxd4 b6 7. Nc3 Nxc3 8.
bxc3 Qc7 9. Bd2 d6 10. Bb5+ Nd7 11. O-O a6 12. Bd3 Bb7 13. h3 dxe5 14. Re1 Be7
15. Nxe5 Nxe5 16. dxe5 h6 17. Re3 Rd8 18. Qe2 Bg5 19. Rg3 Bxd2 20. Qxd2 Qxe5
21. Re1 Qf6 22. Qe3 Rd6 23. Rb1 b5 24. Qa7 Bd5 25. a4 O-O 26. axb5 axb5 27.
Rxb5 Rdd8 28. Rb4 Ra8 29. Qe3 Kh8 30. Rd4 Ra1+ 31. Kh2 Rc8 32. c4 Bc6 33. Rf4
Qe7 34. Qe5 f6 35. Qxa1 e5 36. Re3 Qd6 37. Rfe4 Ra8 38. Qb2 Rc8 39. g3 Rb8 40.
Qc2 Qa3 41. Re2 Qa1 42. Re1 Qa3 43. R4e2 Bf3 44. Rd2 Qc5 45. Be4 Bh5 46. Qd3
1-0

[Event "7. Lichtenberger Sommer"]
[Site "Berlin"]
[Date "2008.08.23"]
[Round "8.70"]
[White "Grillich, Alexander"]
[Black "Mildenberger, Hans"]
[Result "0-1"]
[WhiteElo "2032"]
[BlackElo "1565"]
[PlyCount "39"]
[EventDate "2008.??.??"]
[WhiteTeam "SC Rochade e.V."]
[BlackTeam "BVG Helmholtz"]

1. e4 e6 2. d4 d5 3. Nc3 Bb4 4. e5 c5 5. a3 Bxc3+ 6. bxc3 Ne7 7. Nf3 Nbc6 8.
Bb5 Qa5 9. Bxc6+ bxc6 10. Bd2 Ba6 11. Ng5 O-O 12. h4 h6 13. Qh5 Qb5 14. a4 Qc4
15. Qg4 cxd4 16. cxd4 Nf5 17. c3 Rab8 18. Qf3 Rb3 19. Qd1 Rfb8 20. g4 0-1

[Event "7. Lichtenberger Sommer"]
[Site "Berlin"]
[Date "2008.08.23"]
[Round "8.71"]
[White "Schönemann, Manfred"]
[Black "Walter, Günter"]
[Result "1/2-1/2"]
[WhiteElo "1807"]
[BlackElo "2082"]
[PlyCount "37"]
[EventDate "2008.??.??"]
[WhiteTeam "SV Turbine Berlin e.V."]
[BlackTeam "TSG Oberschöneweide e.V."]

1. d4 d5 2. c4 Nc6 3. cxd5 Qxd5 4. e3 e5 5. Nc3 Bb4 6. Bd2 Bxc3 7. bxc3 Nf6 8.
c4 Qd6 9. d5 Ne7 10. Qb3 a5 11. Nf3 O-O 12. Be2 Ne4 13. Bc1 Ng6 14. Ba3 Nc5 15.
Qc3 Re8 16. O-O Bf5 17. Nd2 b6 18. f3 Na4 19. Qb3 1/2-1/2

[Event "7. Lichtenberger Sommer"]
[Site "Berlin"]
[Date "2008.08.23"]
[Round "8.72"]
[White "Kasper, Peter"]
[Black "Schlittermann, Wolfgang"]
[Result "0-1"]
[WhiteElo "1587"]
[BlackElo "1626"]
[PlyCount "48"]
[EventDate "2008.??.??"]
[WhiteTeam "SG Eckturm"]
[BlackTeam "SK Gillette"]

1. b4 Nf6 2. Bb2 e6 3. a3 c6 4. e3 a5 5. b5 Qb6 6. a4 Be7 7. Nf3 d6 8. c4 Bd7
9. Qc2 h6 10. Be2 O-O 11. h3 Rc8 12. Nc3 d5 13. Ba3 Bb4 14. Qb2 dxc4 15. Bxc4
cxb5 16. Bxb5 Bxc3 17. dxc3 Qc7 18. Rc1 Bxb5 19. Qxb5 Qc6 20. Qb3 Nbd7 21. Nd4
Qxg2 22. Ke2 Ne4 23. Rhg1 Qxf2+ 24. Kd3 Nec5+ 0-1

[Event "7. Lichtenberger Sommer"]
[Site "Berlin"]
[Date "2008.08.23"]
[Round "8.73"]
[White "Schalck, Christiano"]
[Black "Mühlhan, Klaus"]
[Result "0-1"]
[WhiteElo "1747"]
[BlackElo "2006"]
[PlyCount "46"]
[EventDate "2008.??.??"]
[WhiteTeam "SC Schwarz-Weiß Lichtenrade e.V."]
[BlackTeam "SC Empor Potsdam 1952 e.V."]

1. e4 c5 2. Nf3 e6 3. d4 cxd4 4. Nxd4 a6 5. Be2 b6 6. O-O Bb7 7. f3 Qc7 8. c4
Nc6 9. Kh1 Nf6 10. Be3 Bd6 11. Bg1 h5 12. Nc3 Ne7 13. Nb3 Rb8 14. Rc1 Bf4 15.
Rc2 h4 16. Bd3 Nh5 17. Ne2 Ng3+ 18. Nxg3 hxg3 19. c5 b5 20. Nd4 Qe5 21. Ne2
Rxh2+ 22. Bxh2 Qh5 23. Nxg3 Bxg3 0-1

[Event "7. Lichtenberger Sommer"]
[Site "Berlin"]
[Date "2008.08.23"]
[Round "8.74"]
[White "Pews, Kristine"]
[Black "Radjenovic, Branko"]
[Result "0-1"]
[WhiteElo "1757"]
[BlackElo "1903"]
[PlyCount "168"]
[EventDate "2008.??.??"]
[WhiteTeam "USC Viadrina Frankfurt (Oder) e."]
[BlackTeam "SK Aleksandar Matanovic"]

1. Nf3 Nf6 2. g3 g6 3. Bg2 Bg7 4. O-O O-O 5. d3 Nc6 6. c3 e5 7. e4 d6 8. Nbd2
Bg4 9. h3 Bd7 10. b4 Nh5 11. a4 f5 12. a5 Qc8 13. Qb3+ Kh8 14. Ng5 Qe8 15. exf5
gxf5 16. Bd5 Nd8 17. a6 c6 18. axb7 Rb8 19. Bg2 Rxb7 20. Nc4 Qe7 21. Qd1 Nf6
22. Na5 Rc7 23. h4 h6 24. Nf3 Nd5 25. Bd2 Ne6 26. Qc1 Kh7 27. Ne1 Nf6 28. Nc4
Nh5 29. Bf3 Be8 30. Qd1 Nf6 31. Ra2 Nd7 32. Be3 d5 33. Nb2 Nb6 34. Nc2 e4 35.
dxe4 fxe4 36. Bg4 Bxc3 37. Bxe6 Qxe6 38. Bc5 Rff7 39. Nd4 Qe5 40. Na4 Nxa4 41.
Rxa4 Bxd4 42. Bxd4 Qe7 43. Bc5 Qd7 44. Qd4 Rg7 45. Kh2 Bh5 46. Rfa1 Be2 47.
Rxa7 Qg4 48. Rxc7 Rxc7 49. Qe3 Kg6 50. Re1 Ba6 51. Bd6 Rf7 52. Bf4 Bc8 53. Rh1
h5 54. Qc5 Qh3+ 55. Kg1 Qe6 56. Kh2 Bd7 57. Qe3 Qf6 58. Rd1 Bg4 59. Rc1 Rb7 60.
Qc5 Bd7 61. Kg1 Rb5 62. Qd6 Qxd6 63. Bxd6 Kf5 64. Kf1 d4 65. Bc5 Ke5 66. Ke1
Bg4 67. Kd2 Be6 68. Re1 Rb8 69. Rc1 Ra8 70. Be7 Ra2+ 71. Ke1 Bd5 72. Bg5 Ra3
73. Bf4+ Kf5 74. Rd1 d3 75. Kd2 Ra2+ 76. Ke1 Bb3 77. Rc1 Re2+ 78. Kf1 Bc2 79.
Ra1 Ke6 80. Re1 Rxe1+ 81. Kxe1 Kf5 82. Kd2 Kg4 83. Ke3 Kh3 84. Kxe4 d2+ 0-1

[Event "7. Lichtenberger Sommer"]
[Site "Berlin"]
[Date "2008.08.23"]
[Round "8.75"]
[White "Wirp, Hans-Werner"]
[Black "Glöß, Henrik"]
[Result "1-0"]
[WhiteElo "1709"]
[BlackElo "1419"]
[PlyCount "37"]
[EventDate "2008.??.??"]
[WhiteTeam "SK Oschersleben 1948"]
[BlackTeam "Sfr.Nord-Ost Berlin"]

1. d4 Nf6 2. Nc3 d5 3. e4 dxe4 4. f3 exf3 5. Nxf3 g6 6. Bc4 Bg7 7. O-O O-O 8.
Bg5 Nbd7 9. Ne5 Nxe5 10. dxe5 Nd7 11. Rxf7 Rxf7 12. Bxf7+ Kh8 13. e6 Qf8 14.
exd7 Bxd7 15. Qxd7 Qxf7 16. Qxe7 Bd4+ 17. Kh1 Qf2 18. Ne4 Qxc2 19. Nf6 1-0

[Event "7. Lichtenberger Sommer"]
[Site "Berlin"]
[Date "2008.08.23"]
[Round "8.76"]
[White "Pöltelt, Helmut"]
[Black "Bockelmann, Rolf"]
[Result "1-0"]
[WhiteElo "1545"]
[BlackElo "1796"]
[PlyCount "165"]
[EventDate "2008.??.??"]
[WhiteTeam "SC Eintracht Berlin e.V."]
[BlackTeam "SG Lasker Steglitz-Wilmersdorf"]

1. e4 e5 2. Nf3 Nc6 3. Bb5 f5 4. Nc3 fxe4 5. Nxe4 d5 6. Nxe5 dxe4 7. Nxc6 Qg5
8. Nd4+ c6 9. Bf1 Nf6 10. d3 Qe5 11. dxe4 Bg4 12. Nf3 Qa5+ 13. c3 Be7 14. Qc2
O-O-O 15. b4 Qh5 16. Be2 Rhe8 17. Ng5 h6 18. Ne6 Bxe2 19. Nxd8 Bxd8 20. Qxe2
Rxe4 21. Be3 Qe8 22. O-O-O Nd5 23. Qd3 a6 24. Rhe1 Bg5 25. a3 b5 26. Kc2 Bxe3
27. fxe3 Rxe3 28. Rxe3 Nxe3+ 29. Kd2 Nxd1 30. Kxd1 Qh5+ 31. Qf3 Qg6 32. Kc1 Kb7
33. g3 Qe6 34. Qf2 Qc4 35. Qd2 Qf1+ 36. Kb2 Qf8 37. Qe2 Qf6 38. Qd2 Qe6 39. Qf2
g5 40. Qc2 Qf7 41. Qd2 Kc7 42. Qe2 Qf6 43. Qe3 Kb7 44. Qd2 Qe6 45. Qf2 Qd5 46.
Qe2 Kc7 47. Qe7+ Qd7 48. Qxd7+ Kxd7 49. c4 bxc4 50. Kc3 Ke6 51. Kxc4 Kf5 52.
Kc5 Kg4 53. Kxc6 Kh3 54. Kb6 Kxh2 55. Kxa6 Kxg3 56. b5 g4 57. b6 Kf2 58. b7 g3
59. b8=Q g2 60. Qf4+ Ke1 61. Qg3+ Kf1 62. Qf3+ Kg1 63. Kb5 Kh2 64. Qh5+ Kg3 65.
Qxh6 g1=Q 66. Qg5+ Kh2 67. Qxg1+ Kxg1 68. a4 Kf2 69. a5 Ke3 70. a6 Kd4 71. a7
Kd5 72. a8=Q+ Ke5 73. Qd8 Ke6 74. Kc5 Kf5 75. Kd4 Ke6 76. Kc5 Kf5 77. Qe8 Kf6
78. Kd5 Kf5 79. Qf8+ Kg4 80. Ke5 Kg3 81. Ke4 Kg4 82. Qg8+ Kh5 83. Kf5 1-0

[Event "7. Lichtenberger Sommer"]
[Site "Berlin"]
[Date "2008.08.23"]
[Round "8.77"]
[White "Krusemark, Gerhard"]
[Black "Sampels, Michael"]
[Result "1-0"]
[WhiteElo "1705"]
[BlackElo "1745"]
[PlyCount "117"]
[EventDate "2008.??.??"]
[WhiteTeam "TSG Rot-Weiß Fredersdorf/Vogelsd"]
[BlackTeam "SC EPA"]

1. e4 e5 2. Nf3 Nf6 3. Nxe5 d6 4. Nf3 Nxe4 5. Nc3 Nxc3 6. dxc3 d5 7. c4 Qe7+ 8.
Be2 dxc4 9. O-O b5 10. Re1 Be6 11. Ng5 Qd7 12. Nxe6 fxe6 13. Qxd7+ Nxd7 14. Bf3
O-O-O 15. Bf4 Re8 16. Bc6 a6 17. Re2 Bd6 18. c3 h6 19. Be3 Re7 20. b3 Ne5 21.
Be4 Ng4 22. Bd2 Bxh2+ 23. Kh1 Bd6 24. bxc4 Bc5 25. Be1 bxc4 26. Rb1 Bb6 27. Bd5
Rhe8 28. Bxc4 a5 29. Bb5 Rf8 30. f3 Ne3 31. Ba6+ Kd8 32. Rxe3 Rf5 33. Rd3+ Rd7
34. Bh4+ g5 35. Rxd7+ Kxd7 36. Bg3 h5 37. Rd1+ Ke7 38. Bd3 Rd5 39. Be2 Rc5 40.
c4 h4 41. Be1 Re5 42. Bd3 Re3 43. Bd2 Re5 44. Re1 Rxe1+ 45. Bxe1 Kf6 46. Bd2 e5
47. Kh2 c6 48. Be4 c5 49. Kh3 Bd8 50. Be3 Be7 51. a4 Kg7 52. Kg4 Kh6 53. Kf5
Kh5 54. Bd5 h3 55. gxh3 Kh4 56. Kxe5 Kxh3 57. Kf5 Kg3 58. Bxg5 Bxg5 59. Kxg5
1-0